000 01128nam0a22002891 4500
001 rc\352245
005 20250612182330.0
035 _a(NLR Aleph) 008778799
090 _a7969342
_c7969342
100 _a20030307d1989 |||y0rusy50 ca
101 0 _arus
102 _aRU
105 _aa |||||||||
200 1 _aО проектировании полностью сверхпроводникового синхронного генератора
_fР.В. Гаврилов, И.М. Гласник, Л.И. Чубраева
210 _aХарьков
_cФТИНТ
_d1989
215 _a27 с.
_cил.
_d20
225 1 _aПрепринт
_fАН УССР, Физ.-техн. ин-т низ. температур
_v29-89
300 _aРез. на англ. яз.
320 _aБиблиогр.: с. 26-27
700 1 _aГаврилов
_bР.В.
_gРоланд Владимирович
701 1 _aГласник
_bИ.М.
_gИ. Матвеевич
701 1 _aЧубраева
_bЛ.И.
_gЛидия Игоревна
801 0 _aRU
_bNLR
_gpsbo
801 1 _aRU
_bELAR
_2rusmarc
852 _aNLR
_j90-4/1185
942 _cBOOK
980 _aNB